|
|
|
แสดงรายละเอียดบรรณานุกรม |
|
|
Brief Record
: Get Marc (ISO 2709)
: E-mail record
: |
|
|
| LEADER 00000nam 2200000uu 4500 | |||
| 001 55013 | |||
| 003 ULIBM | |||
| 008 260701s||||||||th 000 0 tha d | |||
| 020 ^a9786169465447 | |||
| 082 0 ^a373.076^bก - ห 2568 | |||
| 100 0 ^a | |||
| 110 0 ^aกองบรรณาธิการสถาบันกวดวิชา เจ โนว์เลจ | |||
| 245 00 ^aหนังสือแนวข้อสอบเสมือนจริง มนุษยศาสตร์ นิติศาสตร์ บริหารธุกิจ พิชิตTCAS เกณฑ์ใหม่/^cกองบรรณาธิการสถาบันกวดวิชา เจ โนว์เลจ | |||
| 250 ^aพิมพ์ครั้งที่ 1 | |||
| 260 ^aกรุงเทพฯ:สถาบันกวดวิชา เจ โนว์เลจ,^c2568 | |||
| 300 ^a284 หน้า:490 บาท | |||
| 541 ^a490 บาท | |||
| 650 0 ^aการศึกษาขั้นอุดมศึกษา^xข้อสอบและเฉลย | |||
| 650 0 ^aA- Level | |||
| 650 0 ^aTCAS | |||
| 999 ^ananthaya | |||
| คุณยังไม่ได้ล็อกอิน คุณสามารถมีกิจกรรมร่วมกับเว็บไซต์ได้ แต่ต้องล็อกอินก่อน :: |
|
| สถานะ | |||||||||
| 1. | หนังสือ | 373.076 ก - ห 2568 ฉ.1 Barcode: 086196 | ►หนังสือทั่วไป | On Shelf ขอยืม | |||||
| 2. | หนังสือ | 373.076 ก - ห 2568 ฉ.2 Barcode: 086197 | ►หนังสือทั่วไป | On Shelf ขอยืม | |||||
| [แสดง 2/2 รายการ] | |||||||||

BibComment |
| คอมเมนท์ทรัพยากรรายการนี้ |
|
|
ห้องสมุดโรงเรียนสามัคคีวิทยาคม
159 ถ.บรรพปราการ ต.เวียง อ.เมือง จ.เชียงราย 57000
โทร. 053-711018 โทรสาร 053-713003